| 000 | 00000nam 2200000za 4500 |
| 001 | 9.574587 |
| 003 | CaOODSP |
| 005 | 20241203113634 |
| 007 | cr ||||||||||| |
| 008 | 150406s1997 xxc|||||o f|0| 0 eng d |
| 040 | |aCaOODSP|beng |
| 043 | |an-cn--- |
| 086 | 1 |aEn56-119/1997E-IN |
| 110 | 1 |aCanada. |bEnvironment Canada. |
| 245 | 10|aResponding to global climate change in British Columbia and Yukon|h[electronic resource]|c[edited by] Eric Taylor and Bill Taylor. |
| 260 | |aOttawa - Ontario : |bEnvironment Canada |c1997. |
| 300 | |a363p.|bfigs., graphs, maps (some coloured), references, tables |
| 490 | 1 |aCanada country study|vVolume I |
| 500 | |aThe catalogue number (En56-119/1997E) and ISBN (0-660-16869-3) for the print edition have been incorrectly copied in this electronic publication. |
| 546 | |a(Résumé en français.) |
| 590 | |a12-31-Supp|b2012-07-06 |
| 710 | 1 |aBritish Columbia. |bMinistry of Environment, Lands and Parks. |
| 720 | 1 |aTaylor, Eric |
| 720 | 1 |aTaylor, Bill |
| 776 | 0#|tResponding to global climate change in British Columbia and Yukon : |w(CaOODSP)9.613635 |
| 830 | #0|aCanada country study ;|vVolume I|w(CaOODSP)9.504444 |
| 856 | 40|ahttp://publications.gc.ca|qPDF|s6.12 MB|uhttps://publications.gc.ca/collections/Collection/En56-119-1997E.pdf|yVolume I |